<?xml version="1.0" encoding="UTF-8"?>
<record
    xmlns:xsi="http://www.w3.org/2001/XMLSchema-instance"
    xsi:schemaLocation="http://www.loc.gov/MARC21/slim http://www.loc.gov/standards/marcxml/schema/MARC21slim.xsd"
    xmlns="http://www.loc.gov/MARC21/slim">

  <leader>01112nam a22002297a 4500</leader>
  <controlfield tag="005">20231215142037.0</controlfield>
  <datafield tag="010" ind1=" " ind2=" ">
    <subfield code="a">B-536962-969</subfield>
  </datafield>
  <datafield tag="020" ind1=" " ind2=" ">
    <subfield code="a">9781910608814</subfield>
    <subfield code="c">$ 575  Rs.34551.75  (set of 4 vol)</subfield>
  </datafield>
  <datafield tag="035" ind1=" " ind2=" ">
    <subfield code="a">B-536962-969</subfield>
  </datafield>
  <datafield tag="037" ind1=" " ind2=" ">
    <subfield code="a">dpl</subfield>
    <subfield code="b">BSB/Ven</subfield>
  </datafield>
  <datafield tag="082" ind1=" " ind2=" ">
    <subfield code="a">025.431</subfield>
  </datafield>
  <datafield tag="100" ind1=" " ind2=" ">
    <subfield code="a">Dewey, Melvil 1851-1931</subfield>
    <subfield code="9">59877</subfield>
  </datafield>
  <datafield tag="245" ind1=" " ind2=" ">
    <subfield code="a">Dewey decimal classification and relative index /</subfield>
    <subfield code="b">devised by Melvil Dewey;edited by Joan S. Mitchell, ...(et al)</subfield>
  </datafield>
  <datafield tag="250" ind1=" " ind2=" ">
    <subfield code="a">23 ed.</subfield>
  </datafield>
  <datafield tag="260" ind1=" " ind2=" ">
    <subfield code="a">Dublin </subfield>
    <subfield code="b">OCLC Online Computer Library Centre, </subfield>
    <subfield code="c">2011</subfield>
  </datafield>
  <datafield tag="270" ind1=" " ind2=" ">
    <subfield code="a">6565 Frantz Road, Dublin,OH43017-3395 USA</subfield>
    <subfield code="b">Dublin (USA)</subfield>
    <subfield code="e">430173395</subfield>
  </datafield>
  <datafield tag="300" ind1=" " ind2=" ">
    <subfield code="a">4v .(lxxv,779; xvi,1289p.; 1140p.; 965p.)</subfield>
    <subfield code="b">24cm (Hb)</subfield>
  </datafield>
  <datafield tag="500" ind1=" " ind2=" ">
    <subfield code="a">v.1-Manual tables, v.2-Schedules 000-599, v.3-Schedules 600-999, v.4-Index</subfield>
  </datafield>
  <datafield tag="700" ind1=" " ind2=" ">
    <subfield code="d">Mitchell, Joan S. </subfield>
    <subfield code="9">59878</subfield>
  </datafield>
  <datafield tag="942" ind1=" " ind2=" ">
    <subfield code="2">ddc</subfield>
    <subfield code="c">EN</subfield>
    <subfield code="h">025.431</subfield>
    <subfield code="m">DEW</subfield>
  </datafield>
  <datafield tag="999" ind1=" " ind2=" ">
    <subfield code="c">87831</subfield>
    <subfield code="d">87831</subfield>
  </datafield>
  <datafield tag="952" ind1=" " ind2=" ">
    <subfield code="0">0</subfield>
    <subfield code="1">0</subfield>
    <subfield code="3">V.1</subfield>
    <subfield code="4">0</subfield>
    <subfield code="7">1</subfield>
    <subfield code="8">REF</subfield>
    <subfield code="a">DBAD</subfield>
    <subfield code="b">DBAD</subfield>
    <subfield code="d">2014-08-12</subfield>
    <subfield code="e">BSB/IN612/28.03.2014/161/28.03.2014/31.3.2014</subfield>
    <subfield code="g">34551.75</subfield>
    <subfield code="l">0</subfield>
    <subfield code="o">025.431 DEW</subfield>
    <subfield code="p">B-536962</subfield>
    <subfield code="r">2014-08-12 00:00:00</subfield>
    <subfield code="t">1</subfield>
    <subfield code="v">34551.75</subfield>
    <subfield code="y">EN</subfield>
  </datafield>
  <datafield tag="952" ind1=" " ind2=" ">
    <subfield code="0">0</subfield>
    <subfield code="1">0</subfield>
    <subfield code="3">V.2</subfield>
    <subfield code="4">0</subfield>
    <subfield code="7">1</subfield>
    <subfield code="8">REF</subfield>
    <subfield code="a">DBAD</subfield>
    <subfield code="b">DBAD</subfield>
    <subfield code="d">2014-08-12</subfield>
    <subfield code="e">BSB/IN612/28.03.2014/161/28.03.2014/31.3.2014</subfield>
    <subfield code="g">34551.75</subfield>
    <subfield code="l">0</subfield>
    <subfield code="o">025.431 DEW</subfield>
    <subfield code="p">B-536963</subfield>
    <subfield code="r">2014-08-12 00:00:00</subfield>
    <subfield code="t">1</subfield>
    <subfield code="v">34551.75</subfield>
    <subfield code="y">EN</subfield>
  </datafield>
  <datafield tag="952" ind1=" " ind2=" ">
    <subfield code="0">0</subfield>
    <subfield code="1">0</subfield>
    <subfield code="3">V.3</subfield>
    <subfield code="4">0</subfield>
    <subfield code="7">1</subfield>
    <subfield code="8">REF</subfield>
    <subfield code="a">DBAD</subfield>
    <subfield code="b">DBAD</subfield>
    <subfield code="d">2014-08-12</subfield>
    <subfield code="e">BSB/IN612/28.03.2014/161/28.03.2014/31.3.2014</subfield>
    <subfield code="g">34551.75</subfield>
    <subfield code="l">0</subfield>
    <subfield code="o">025.431 DEW</subfield>
    <subfield code="p">B-536964</subfield>
    <subfield code="r">2014-08-12 00:00:00</subfield>
    <subfield code="t">1</subfield>
    <subfield code="v">34551.75</subfield>
    <subfield code="y">EN</subfield>
  </datafield>
  <datafield tag="952" ind1=" " ind2=" ">
    <subfield code="0">0</subfield>
    <subfield code="1">0</subfield>
    <subfield code="3">V..4</subfield>
    <subfield code="4">0</subfield>
    <subfield code="7">1</subfield>
    <subfield code="8">REF</subfield>
    <subfield code="a">DBAD</subfield>
    <subfield code="b">DBAD</subfield>
    <subfield code="d">2014-08-12</subfield>
    <subfield code="e">BSB/IN612/28.03.2014/161/28.03.2014/31.3.2014</subfield>
    <subfield code="g">34551.75</subfield>
    <subfield code="l">0</subfield>
    <subfield code="o">025.431 DEW</subfield>
    <subfield code="p">B-536965</subfield>
    <subfield code="r">2014-08-12 00:00:00</subfield>
    <subfield code="t">1</subfield>
    <subfield code="v">34551.75</subfield>
    <subfield code="y">EN</subfield>
  </datafield>
  <datafield tag="952" ind1=" " ind2=" ">
    <subfield code="0">0</subfield>
    <subfield code="1">0</subfield>
    <subfield code="3">V.1</subfield>
    <subfield code="4">0</subfield>
    <subfield code="7">1</subfield>
    <subfield code="8">REF</subfield>
    <subfield code="a">ZLSR</subfield>
    <subfield code="b">ZLSR</subfield>
    <subfield code="d">2014-08-12</subfield>
    <subfield code="e">BSB/IN612/28.03.2014/161/28.03.2014/31.3.2014</subfield>
    <subfield code="g">34551.75</subfield>
    <subfield code="l">0</subfield>
    <subfield code="o">025.431 DEW</subfield>
    <subfield code="p">B-536966</subfield>
    <subfield code="r">2014-08-12 00:00:00</subfield>
    <subfield code="t">1</subfield>
    <subfield code="v">34551.75</subfield>
    <subfield code="w">2014-08-12</subfield>
    <subfield code="y">EN</subfield>
  </datafield>
  <datafield tag="952" ind1=" " ind2=" ">
    <subfield code="0">0</subfield>
    <subfield code="1">0</subfield>
    <subfield code="3">V.2</subfield>
    <subfield code="4">0</subfield>
    <subfield code="7">1</subfield>
    <subfield code="8">REF</subfield>
    <subfield code="a">ZLSR</subfield>
    <subfield code="b">ZLSR</subfield>
    <subfield code="d">2014-08-12</subfield>
    <subfield code="e">BSB/IN612/28.03.2014/161/28.03.2014/31.3.2014</subfield>
    <subfield code="g">34551.75</subfield>
    <subfield code="l">0</subfield>
    <subfield code="o">025.431 DEW</subfield>
    <subfield code="p">B-536967</subfield>
    <subfield code="r">2014-08-12 00:00:00</subfield>
    <subfield code="t">1</subfield>
    <subfield code="v">34551.75</subfield>
    <subfield code="y">EN</subfield>
  </datafield>
  <datafield tag="952" ind1=" " ind2=" ">
    <subfield code="0">0</subfield>
    <subfield code="1">0</subfield>
    <subfield code="3">V.3</subfield>
    <subfield code="4">0</subfield>
    <subfield code="7">1</subfield>
    <subfield code="8">REF</subfield>
    <subfield code="a">ZLSR</subfield>
    <subfield code="b">ZLSR</subfield>
    <subfield code="d">2014-08-12</subfield>
    <subfield code="e">BSB/IN612/28.03.2014/161/28.03.2014/31.3.2014</subfield>
    <subfield code="g">34551.75</subfield>
    <subfield code="l">0</subfield>
    <subfield code="o">025.431 DEW</subfield>
    <subfield code="p">B-536968</subfield>
    <subfield code="r">2014-08-12 00:00:00</subfield>
    <subfield code="t">1</subfield>
    <subfield code="v">34551.75</subfield>
    <subfield code="y">EN</subfield>
  </datafield>
  <datafield tag="952" ind1=" " ind2=" ">
    <subfield code="0">0</subfield>
    <subfield code="1">0</subfield>
    <subfield code="3">V.4</subfield>
    <subfield code="4">0</subfield>
    <subfield code="7">1</subfield>
    <subfield code="8">REF</subfield>
    <subfield code="a">ZLSR</subfield>
    <subfield code="b">ZLSR</subfield>
    <subfield code="d">2014-08-12</subfield>
    <subfield code="e">BSB/IN612/28.03.2014/161/28.03.2014/31.3.2014</subfield>
    <subfield code="g">34551.75</subfield>
    <subfield code="l">0</subfield>
    <subfield code="o">025.431 DEW</subfield>
    <subfield code="p">B-536969</subfield>
    <subfield code="r">2014-08-12 00:00:00</subfield>
    <subfield code="t">1</subfield>
    <subfield code="v">34551.75</subfield>
    <subfield code="y">EN</subfield>
  </datafield>
</record>
